000 01083nam a22002417a 4500
005 20130605144253.0
008 090728t xxu||||| |||| 00| 0 pun d
010 _aPUN-7453 B-493914-918
020 _c375.00
_a81876542228X
035 _aPN-6571 B-493914-918
037 _bDBAD / PUB/Manpreet Prakashan
037 _bBPPD/KKP
040 _adpl
_bPN
082 _a394
100 _937323
_aਸੁਰਜੀਤ ਕੋਰ
245 _aਪੰਜਾਬੀ ਲੋਕ ਗੀਤਾਂ ਦਾ ਸਮਾਜ ਸ਼ਾਸਤਰੀ ਅਧਿਐਨ /
_cਸੁਰਜੀਤ ਕੋਰ
246 _aPunjabi lok gitan da samaj sashatri Adhyan
_bby Surjit Kaur
260 _aDelhi
_bManpreet Prakashan
_c2012
270 _b16/16,1st Floor,Geeta Colony
_aDelhi
_k9312271252
_e110031
_mmanpreet1948@gmail.com
300 _a190ਪਂ;
_b22ਸੇਂਮੀ(ਸਜਿਲਦ)
942 _2ddc
_cPN
_h394
_mਸੁਰਜੀ
999 _c71178
_d71178